| Tag |
First Indicator |
Second Indicator |
Subfields |
| LEADER |
00000cam a2200000 i 4500 |
| 001 |
in00003457821 |
| 005 |
20151206100622.0 |
| 008 |
140106s2014 onc 000 p eng |
| 020 |
|
|
|a 9781771660365 (pbk.)
|
| 020 |
|
|
|a 1771660368 (pbk.)
|
| 035 |
|
|
|a (OCoLC)ocn866618933
|
| 040 |
|
|
|a NLC
|b eng
|e rda
|c NLC
|d CDX
|d C#P
|d UtOrBLW
|
| 049 |
|
|
|a TXAM
|
| 055 |
|
0 |
|a PS8555 L535
|b T44 2014
|
| 082 |
0 |
|
|a C811/.54
|2 23
|
| 090 |
|
|
|a PR9199.3.N48
|b T44 2014
|
| 100 |
1 |
|
|a Nichol, B. P.,
|d 1944-1988,
|e author.
|
| 245 |
1 |
0 |
|a Theseus :
|b a collaboration /
|c bp Nichol & Wayne Clifford.
|
| 264 |
|
1 |
|a Toronto :
|b BookThug,
|c 2014.
|
| 300 |
|
|
|a 100 pages :
|b illustrations ;
|c 21 cm.
|
| 336 |
|
|
|a text
|b txt
|2 rdacontent
|
| 337 |
|
|
|a unmediated
|b n
|2 rdamedia
|
| 338 |
|
|
|a volume
|b nc
|2 rdacarrier
|
| 700 |
1 |
|
|a Clifford, Wayne.
|
| 945 |
|
|
|a PromptCat
|b 749951
|
| 946 |
|
|
|a stk
|
| 947 |
|
|
|a A14840668235
|
| 948 |
|
|
|a cataloged
|b h
|c 2014/5/13
|d c
|e dmitchel
|f 9:44:26 am
|
| 994 |
|
|
|a 92
|b TXA
|
| 999 |
|
|
|a MARS
|
| 999 |
f |
f |
|s f9e0ce31-780c-3b70-820d-25ae17a1995f
|i ca33b3d8-5b56-3d4e-8f0e-6ee98034d5b1
|t 0
|
| 952 |
f |
f |
|p normal
|a Texas A&M University
|b College Station
|c Sterling C. Evans Library
|d Evans: Library Stacks
|t 0
|e PR9199.3.N48 T44 2014
|h Library of Congress classification
|i unmediated -- volume
|m A14840668235
|
| 998 |
f |
f |
|a PR9199.3.N48 T44 2014
|t 0
|l Evans: Library Stacks
|